| 000 | 00866nam0a22002531 4500 | ||
|---|---|---|---|
| 001 | rc\3599718 | ||
| 005 | 20250610081119.0 | ||
| 021 |
_aRU _b[72-19552] |
||
| 035 | _a(NLR Aleph) 007812393 | ||
| 090 |
_a7717712 _c7717712 |
||
| 100 | _a20130115d1972 |||y0rusy50 ca | ||
| 101 | 0 | _arus | |
| 102 | _aRU | ||
| 105 | _aa z ||||| | ||
| 200 | 1 |
_aКоммунисты нашего колхоза _e[Колхоз "Россия" Джанкойск. р-на] |
|
| 210 |
_aСимферополь _cТаврия _d1972 |
||
| 215 |
_a40 с. _cил. _d20 |
||
| 606 |
_aПартийные организации и их работа в колхозах _yКрымская область _2psbo |
||
| 700 | 1 |
_aПрядка _bП.В. _gПавел Васильевич |
|
| 801 | 0 |
_aRU _bNLR _gpsbo |
|
| 801 | 1 |
_aRU _bELAR _2rusmarc |
|
| 852 |
_aNLR _j72-4/10199 |
||
| 942 | _cBOOK | ||
| 980 | _aNB | ||